Vzdialené laboratórium na analýzu satelitných navigačných systémov

Gespeichert in:
Bibliographische Detailangaben
1. Verfasser: Bedej, Tomáš (Verfasst von)
Weitere Verfasser: Trúchly, Peter (Betreuung Doktorarbeit)
Format: Manuskript Buch
Sprache:Slowakisch
Veröffentlicht: 2022
Schlagworte:
Online-Zugang:http://is.stuba.sk/zp/portal_zp.pl?podrobnosti=163819
Tags: Tag hinzufügen
Keine Tags, Fügen Sie das erste Tag hinzu!

MARC

LEADER 00000ntm a22000003a 4500
001 stuzp90687
003 SK-STU
005 20220618212023.9
007 ta
008 150427s2015----xo-----f-mn---000-0-slo-d
040 |a STU  |b slo 
041 0 |a slo 
100 1 |a Bedej, Tomáš  |u 070400  |4 aut  |U FIIT Fakulta informatiky a informačných technológií  |T FIIT Ústav počítačového inžinierstva a aplikovanej informatiky  |X 85766  |U I400  |Y 672  |7 85766 
242 0 1 |a Remote laboratory for the analysis of satellite navigation systems  |y eng 
245 1 0 |a Vzdialené laboratórium na analýzu satelitných navigačných systémov 
260 |c 2022 
650 4 |a GNSS  |2 slo 
650 4 |a GPS  |2 slo 
650 4 |a GLONASS  |2 slo 
650 4 |a Vzdialené laboratórium  |2 slo 
650 4 |a Galileo  |2 slo 
650 4 |a Beidou  |2 slo 
650 4 |a Vizualizácia dát  |2 slo 
650 4 |a Remote laboratory  |2 eng 
650 4 |a GNSS  |2 eng 
650 4 |a GPS  |2 eng 
650 4 |a GLONASS  |2 eng 
650 4 |a Galileo  |2 eng 
650 4 |a Beidou  |2 eng 
650 4 |a Data visualization  |2 eng 
700 1 |a Trúchly, Peter  |u 070400  |k Z1  |4 ths  |U FIIT Fakulta informatiky a informačných technológií  |T FIIT Ústav počítačového inžinierstva a aplikovanej informatiky  |X 1917  |U I400  |Y 672  |7 1917 
856 4 |u http://is.stuba.sk/zp/portal_zp.pl?podrobnosti=163819